[Event "Holberg"]
[Site "Dianalund"]
[Date "2000.02.18"]
[Round "5"]
[White "Hovmoller, Kristian"]
[Black "Jorgensen, Gert"]
[Result "1-0"]
[WhiteElo "1980"]
[BlackElo "2032"]
[PlyCount "89"]
[EventDate "2000.02.14"]
[EventType "tourn"]
[EventRounds "7"]
[EventCountry "DEN"]
[SourceTitle "EXT 2018"]
[Source "ChessBase"]
[SourceDate "2017.10.13"]
[SourceVersion "1"]
[SourceVersionDate "2017.10.13"]
[SourceQuality "1"]

1. d4 Nf6 2. c4 g6 3. Nc3 Bg7 4. e4 d6 5. Nf3 0-0 6. Be2 Nbd7 7. 0-0 e5 8. dxe5 dxe5 9. Qc2 c6 10. Rd1 Qe7 11. a4 a5 12. b3 Nh5 13. Ba3 Nc5 14. Ne1 Nf4 15. Nd3 Nfxd3 16. Rxd3 Re8 17. Rad1 Bf8 18. R3d2 Qg5 19. Bf3 h5 20. Bc1 Qf6 21. Ne2 h4 22. Bb2 g5 23. Nc1 g4 24. Be2 g3 25. fxg3 hxg3 26. Rf1 Qh6 27. h3 Nxe4 28. Qxe4 Qxd2 29. Nd3 f5 30. Qf3 Qg5 31. Bxe5 Bd7 32. Bf4 Qg7 33. Qh5 Re7 34. Rf3 Qd4+ 35. Be3 Qa1+ 36. Bf1 Rg7 37. Bf4 Re8 38. Bh6 Qd4+ 39. Kh1 Ree7 40. Bxg7 Rxg7 41. Nf4 Qf6 42. c5 Bxc5 43. Bc4+ Kf8 44. Qh8+ Ke7 45. Nh5 1-0

[Event "Lovsprings op 10th"]
[Site "Ringsted"]
[Date "1998.03.20"]
[Round "2"]
[White "Madsen, Morten"]
[Black "Jorgensen, Gert"]
[Result "0-1"]
[WhiteElo "1976"]
[BlackElo "2005"]
[PlyCount "94"]
[EventDate "1998.03.13"]
[EventType "swiss"]
[EventRounds "7"]
[EventCountry "DEN"]
[SourceTitle "EXT 2018"]
[Source "ChessBase"]
[SourceDate "2017.10.13"]
[SourceVersion "1"]
[SourceVersionDate "2017.10.13"]
[SourceQuality "1"]

1. e4 d5 2. exd5 Qxd5 3. Nc3 Qa5 4. d4 Nf6 5. Nf3 c6 6. Bd2 Bf5 7. b4 Qc7 8. Nh4 Bg4 9. Be2 Bd7 10. 0-0 e6 11. Rb1 Be7 12. Nf3 0-0 13. Bd3 a5 14. b5 Bb4 15. Qe2 cxb5 16. Nxb5 Bxb5 17. Bxb5 Qxc2 18. Bxb4 Qxe2 19. Bxe2 axb4 20. Rxb4 Rxa2 21. Bc4 Rc2 22. Bb3 Rc7 23. Ra1 Nc6 24. Rc4 Rfc8 25. Rac1 Nd5 26. Kf1 Kf8 27. g3 Ke7 28. Ke2 b5 29. R4c2 Ndb4 30. Rd2 Na5 31. Rxc7+ Rxc7 32. Rb2 Nac6 33. Kd2 f6 34. Bd1 Ra7 35. Be2 Ra5 36. Ne1 Kd6 37. Nd3 Nxd3 38. Bxd3 Nxd4 39. Bxh7 Nf3+ 40. Ke3 Nxh2 41. Bd3 Ng4+ 42. Kd4 Ra4+ 43. Kc3 Ra3+ 44. Kd4 e5+ 45. Ke4 g6 46. Kf3 Rxd3+ 47. Kxg4 Kc5 0-1

[Event "Lovsprings op 09th"]
[Site "Ringsted"]
[Date "1997.05.16"]
[Round "7"]
[White "Jorgensen, Gert"]
[Black "Nielsen, Max"]
[Result "1/2-1/2"]
[WhiteElo "2019"]
[BlackElo "2112"]
[PlyCount "52"]
[EventDate "1997.03.14"]
[EventType "swiss"]
[EventRounds "7"]
[EventCountry "DEN"]
[SourceTitle "EXT 2018"]
[Source "ChessBase"]
[SourceDate "2017.10.13"]
[SourceVersion "1"]
[SourceVersionDate "2017.10.13"]
[SourceQuality "1"]

1. d4 Nf6 2. Nf3 g6 3. c4 Bg7 4. Nc3 d6 5. e4 0-0 6. Be2 e5 7. dxe5 dxe5 8. Qxd8 Rxd8 9. Bg5 c6 10. 0-0 Re8 11. h3 Na6 12. Be3 Bf8 13. a3 Bc5 14. Bg5 Nh5 15. b4 Bf8 16. Rfe1 Nc7 17. Be3 Ng7 18. c5 f6 19. Nd2 Be6 20. Bc4 Red8 21. Red1 Rd7 22. f4 Bxc4 23. Nxc4 Rxd1+ 24. Rxd1 exf4 25. Bxf4 Nce6 26. Bd6 Rd8 1/2-1/2

[Event "Lovsprings op 09th"]
[Site "Ringsted"]
[Date "1997.04.18"]
[Round "5"]
[White "Jorgensen, Gert"]
[Black "Christensen, Thomas1111"]
[Result "1-0"]
[WhiteElo "2019"]
[BlackElo "1904"]
[PlyCount "119"]
[EventDate "1997.03.14"]
[EventType "swiss"]
[EventRounds "7"]
[EventCountry "DEN"]
[SourceTitle "EXT 2018"]
[Source "ChessBase"]
[SourceDate "2017.10.13"]
[SourceVersion "1"]
[SourceVersionDate "2017.10.13"]
[SourceQuality "1"]

1. e4 c5 2. Nf3 Nc6 3. d4 cxd4 4. Nxd4 Nf6 5. Nc3 g6 6. Be3 Bg7 7. Be2 0-0 8. h4 d5 9. exd5 Nxd5 10. Nxd5 Qxd5 11. Nxc6 Qxc6 12. c3 Bf5 13. 0-0 Rfd8 14. Qb3 Be6 15. Qb4 Bd5 16. Bb5 Qc7 17. Rfe1 Be5 18. h5 a6 19. Bf1 a5 20. Qh4 Bf6 21. Bg5 Bxg5 22. Qxg5 Be6 23. hxg6 hxg6 24. Re4 Rd5 25. Qe3 Rh5 26. f4 Rd8 27. Be2 Rhd5 28. g4 Qc5 29. Kf2 Qxe3+ 30. Kxe3 Rd2 31. b3 Rc2 32. c4 Rdd2 33. Bd3 Rxa2 34. Rxa2 Rxa2 35. f5 gxf5 36. gxf5 Bxf5 37. Rxe7 Bxd3 38. Kxd3 Rb2 39. Kc3 Rh2 40. Rxb7 Rh5 41. Rb8+ Kg7 42. Rb5 Rh3+ 43. Kd4 Kf6 44. c5 Ke6 45. Rb6+ Kd7 46. Kc4 Kc7 47. Ra6 Rh4+ 48. Kc3 Rh3+ 49. Kb2 Rh2+ 50. Ka3 Rh1 51. Ka4 f5 52. Rf6 Rc1 53. Rxf5 Kc6 54. Kxa5 Rxc5+ 55. Rxc5+ Kxc5 56. b4+ Kc6 57. Ka6 Kc7 58. b5 Kb8 59. Kb6 Ka8 60. Kc7 1-0

[Event "Lovsprings op 09th"]
[Site "Ringsted"]
[Date "1997.04.11"]
[Round "4"]
[White "Preuss, Flemming"]
[Black "Jorgensen, Gert"]
[Result "1-0"]
[WhiteElo "2041"]
[BlackElo "2019"]
[PlyCount "115"]
[EventDate "1997.03.14"]
[EventType "swiss"]
[EventRounds "7"]
[EventCountry "DEN"]
[SourceTitle "EXT 2018"]
[Source "ChessBase"]
[SourceDate "2017.10.13"]
[SourceVersion "1"]
[SourceVersionDate "2017.10.13"]
[SourceQuality "1"]

1. d4 Nf6 2. Nf3 d5 3. e3 Bg4 4. c4 e6 5. Nc3 c6 6. h3 Bh5 7. g4 Bg6 8. Ne5 Nbd7 9. Nxg6 hxg6 10. cxd5 exd5 11. Bg2 Bd6 12. Qd3 Qb6 13. g5 Ng8 14. Bd2 Ne7 15. 0-0-0 0-0-0 16. f3 Nf5 17. Na4 Qc7 18. e4 dxe4 19. fxe4 Ng3 20. Rhe1 Bf4 21. Qf3 Nh5 22. Rf1 Bxd2+ 23. Rxd2 Qa5 24. Nc3 Qxg5 25. Qxf7 Rhf8 26. Qe6 Nf4 27. Qg4 Qh6 28. Kc2 Kb8 29. Rdf2 g5 30. e5 Nb6 31. Rd1 Nc4 32. Rf3 c5 33. Bf1 Qg6+ 34. Kc1 cxd4 35. Bxc4 Qc6 36. Bb5 Qc5 37. Qxg5 Ne6 38. Rxf8 Rxf8 39. Qg1 Qxe5 40. Re1 Qf4+ 41. Kc2 dxc3 42. bxc3 Rd8 43. Qe3 Qf5+ 44. Bd3 Qd5 45. Qe5+ Qxe5 46. Rxe5 Nf4 47. Bf5 Rf8 48. Kd2 Rf7 49. Ke3 g5 50. Ke4 Kc7 51. h4 Ne2 52. hxg5 Nxc3+ 53. Kf4 Nxa2 54. g6 Rg7 55. Kg5 Nb4 56. Kf6 Nc6 57. Re8 Nd4 58. Rc8+ 1-0

[Event "Lovsprings op 06th B"]
[Site "Ringsted"]
[Date "1994.05.01"]
[Round "5"]
[White "Jorgensen, Gert"]
[Black "Dongart, Dennis"]
[Result "1-0"]
[WhiteElo "1785"]
[BlackElo "1886"]
[PlyCount "87"]
[EventDate "1994.03.27"]
[EventType "swiss"]
[EventRounds "7"]
[EventCountry "DEN"]
[SourceTitle "EXT 2023"]
[Source "ChessBase"]
[SourceDate "2022.10.05"]
[SourceVersion "1"]
[SourceVersionDate "2022.10.05"]
[SourceQuality "1"]

1. d4 Nf6 2. Nf3 g6 3. Bf4 Bg7 4. c3 0-0 5. h3 b6 6. Nbd2 Ba6 7. g4 d5 8. Ne5 Nfd7 9. Ndf3 f6 10. Nd3 c6 11. Nb4 Bb7 12. Qd2 e5 13. Bg3 e4 14. Nh4 Na6 15. Nc2 Nc7 16. e3 Ne6 17. Be2 Bh6 18. Ng2 f5 19. gxf5 gxf5 20. Rg1 Kh8 21. Bd6 Rf7 22. Bh5 Rg7 23. Bg3 Qf6 24. 0-0-0 Rag8 25. Nf4 Nxf4 26. exf4 Nf8 27. Ne3 Ne6 28. Ng2 c5 29. Kb1 cxd4 30. cxd4 Ba6 31. Qe3 Bd3+ 32. Ka1 Nxd4 33. Ne1 Rc7 34. Bh4 Qxh4 35. Rxg8+ Kxg8 36. Qxd4 Qxh5 37. Qxd5+ Qf7 38. Qd8+ Bf8 39. Nxd3 Rd7 40. Rg1+ Kh8 41. Ne5 Qg7 42. Rxg7 Rxd8 43. Rg1 Rd2 44. Nf7# 1-0